Score 0/20 Timer 02:00
2 Plays Today
Character H or N? % Correct
George Bailey???
88.7%
Ebenezer Scrooge???
87.9%
Susan Walker???
87.7%
Clark W. Griswold???
87.2%
Ralphie Parker???
86%
Tiny Tim???
85.4%
Saint Nicholas???
85.3%
Frosty the Snowman???
84.2%
Rudolph???
84.1%
The Grinch???
82.9%
Character H or N? % Correct
Donner???
82.2%
Sugarplum Fairy???
80.2%
Gizmo the Mogwai???
79.2%
Wenceslaus I???
78.2%
Yukon Cornelius???
72.8%
Jack Skellington???
71.9%
Papa Elf???
70.8%
Heat Miser???
69.2%
Melchior???
58.9%
Mr. Hankey???
56.5%
Remove Ads.
Support Sporcle.
Get the best of Sporcle when you Go Orange. This ad-free experience offers more features, more stats, and more fun while also helping to support Sporcle. Thank you for becoming a member.

You're not logged in!

Compare scores with friends on all Sporcle quizzes.
OR
Log In

Show Comments

Extras

Top Quizzes Today


Score Distribution

Your Account Isn't Verified!

In order to create a playlist on Sporcle, you need to verify the email address you used during registration. Go to your Sporcle Settings to finish the process.

Report this User

Report this user for behavior that violates our Community Guidelines.

Details: